000 00533nam a22001697a 4500
005 20251108170741.0
008 250721s2001 xx 000 0 ara d
082 1 4 _a540/روز
100 1 _aروزنبرج، جيروم
245 1 0 _aالكيمياء العامة :
_bمنهج دراسي مكثف /
264 1 _aالقاهرة :
_bدار الدولية للإستثمارات الثقافية،
_c2001.
300 _a220ص
490 0 _aملخصات شوم
650 1 7 _aالكيمياء
942 _2ddc
_cBK
999 _c48137
_d48137